Statistics for Biggest Cities Beginning With 'V'

Click here to take the quiz!

General Stats

  • This quiz has been taken 49 times
  • The average score is 17 of 83

Answer Stats

PopulationCountryCity% Correct
1,888,776AustriaVienna
98%
371,713TurkeyVan
90%
814,208SpainValencia
88%
1,585,500VenezuelaValencia
88%
542,366LithuaniaVilnius
88%
190,915United StatesVancouver
86%
631,486CanadaVancouver
86%
587,022RussiaVladivostok
71%
1,013,533RussiaVolgograd
69%
258,685ItalyVenice
65%
315,732ChileValparaíso
63%
219,103ItalyVerona
57%
196,731LaosVientiane
57%
312,770BulgariaVarna
51%
459,470United StatesVirginia Beach
47%
1,164,404IndiaVaranasi
45%
428,323MexicoVeracruz
41%
1,054,537RussiaVoronezh
41%
190,058FinlandVantaa
35%
365,855BrazilVitória
35%
317,864SpainValladolid
31%
1,409,476IndiaVadodara
27%
117,746SwedenVästerås
24%
1,063,178IndiaVisakhapatnam
24%
297,332SpainVigo
22%
141,384United StatesVisalia
18%
310,024RussiaVladimir
16%
126,090United StatesVallejo
14%
134,810United StatesVictorville
14%
874,587IndiaVijayawada
14%
342,700BelarusVitebsk
14%
102,386United StatesVacaville
10%
215,062RussiaVeliky Novgorod
10%
163,759VietnamVinh
10%
176,774ChileValdivia
8%
110,763United StatesVentura
8%
107,129ItalyVicenza
8%
466,922GuatemalaVilla Nueva
8%
545,302ColombiaVillavicencio
8%
352,115UkraineVinnytsia
8%
532,956ColombiaValledupar
6%
100,485IndiaVasco da Gama
6%
501,325BrazilVila Velha
6%
131,445FranceVilleurbanne
6%
361,371ChileViña del Mar
6%
209,683VietnamVũng Tàu
6%
131,210BrazilValinhos
4%
306,233CanadaVaughan
4%
377,922South AfricaVereeniging
4%
129,765BrazilVespasiano
4%
353,577MexicoVillahermosa
4%
341,128BrazilVitória da Conquista
4%
317,370RussiaVladikavkaz
4%
314,900RussiaVologda
4%
273,988BrazilVolta Redonda
4%
165,500VenezuelaValera
2%
136,400VenezuelaValle de la Pascua
2%
101,098ArmeniaVanadzor
2%
179,603IranVarāmīn
2%
136,602BrazilVarginha
2%
287,526BrazilVárzea Grande
2%
123,071BrazilVárzea Paulista
2%
121,610IndiaVejalpur
2%
103,149RussiaVelikiye Luki
2%
177,081IndiaVellore
2%
163,326IndiaVerāval
2%
256,302BrazilViamão
2%
140,045IndiaVidisha
2%
112,840PakistanVihari
2%
102,211BrazilVilhena
2%
139,310ChileVilla Alemana
2%
165,839GuatemalaVilla Canales
2%
111,254ColombiaVilla del Rosario
2%
110,100ArgentinaVilla María
2%
127,300ArgentinaVilla Mercedes
2%
103,314VietnamVĩnh Long
2%
154,163TurkeyViranşehir
2%
150,357IndiaVirār
2%
139,583BrazilVitória de Santo Antão
2%
179,358IndiaVizianagaram
2%
167,731RussiaVolgodonsk
2%
323,293RussiaVolzhskiy
2%
123,599BrazilVotorantim
2%

Score Distribution

Percentile by Number Answered

Percent of People with Each Score

Your Score History

You have not taken this quiz